| 000 | 00425nam a2200145Ia 4500 | ||
|---|---|---|---|
| 041 | _aArabic | ||
| 082 | _a346,07 cut-828 ش | ||
| 100 | _a20260118u\\\\\\\\\\\y0engy0103\\\\ba | ||
| 100 | _aنزيه نعيم شلالا | ||
| 245 | 0 | _aالمرتكز في دعاوى الاوقاف | |
| 250 | _aط1 | ||
| 260 |
_bمنشورات الحلبي الحقوقية _aبيروت - لبنان _c2007 |
||
| 300 | _a256 | ||
| 942 | _cBk | ||
| 999 |
_c187523 _d187523 |
||